000 00555nam a2200181 i 4500
001 63693
003 ES-MaACL
005 20230906164938.0
007 t|
008 031216s1966 sp ||||1| spa d
100 1 _aFichter, Joseph H.
_950679
245 1 4 _aLas relaciones sociales en una parroquia urbana /
_cJoseph H. Fichter ; [versión de P. Almerich].
250 _a[1ª ed.].
260 _aBarcelona :
_bNova Terra,
_c[1966]
300 _a228 p. ;
_c22 cm.
700 1 _aAlmerich i Padró, Paulina.
_920149
852 _aES-MaACL
_jC-30848
_bR.70135
999 _c63693
_d63693